| 000 | 00457nam a2200157 i 4500 | ||
|---|---|---|---|
| 001 | 30526 | ||
| 003 | ES-MaACL | ||
| 005 | 20230906154217.0 | ||
| 007 | t| | ||
| 008 | 030124s1969 sp ||||1| spa d | ||
| 100 | 1 |
_aBeltrán, Lucas. _927346 |
|
| 245 | 1 | 0 |
_aDiccionario de Banca y Bolsa / _cdirección y prólogo de Lucas Beltrán. |
| 260 |
_aBarcelona, etc. : _bLabor, _c1969. |
||
| 300 |
_aXXIV, 1303 p. ; _c23 cm. |
||
| 852 |
_aES-MaACL _jC-36182 _bR.69058 |
||
| 999 |
_c30526 _d30526 |
||